Представление документа в формате MARC21

Поле Инд. ПП Название Значение
Тип записи a
Библиографический уровень m
001 Контрольный номер c9566e27e3b54c17a21d72b0b8cba1c5
005 Дата корректировки 20251013102424.0
008 Кодируемые данные 20201110
084 a Индекс другой классификации/Индекс ББК 60.9
090 a Полочн. индекс 95.2+60.9
099 a Индекс 79215
245 a Заглавие Работник социальной службы
n Номер части/ раздела №9/2020
b Продолж. заглавия профессиональный научно-практический и методический журнал
c Ответственность учредитель: ООО Издательство "Социальное обслуживание"; гл. ред. А. М. Панов
h Физич. носитель Текст
260 c Дата издания 2020
b Издательство Социальное обслуживание
a Место издания Москва
300 a Объем 160 с.
500 a Примечание Журнал
650 a Основная рубрика социальная работа
653 a Ключевые слова социальное обслуживание; социальный работник; социальные службы; пенсионеры; нормативные документы; правовые документы; организация труда; инвалиды
773 w Контрольный № источника RU/IS/BASE/409338465
900 a Имя электронного ресурса P_rab_sots_sl_9_20
x Справочная информация Оглавление
901 t Тип документа s
952 a Тип литературы для КСУ ВШ НЖ
991 s 6